Starch and its derivatives / (Record no. 70689)
[ view plain ]
| 000 -LEADER | |
|---|---|
| fixed length control field | 00791nam a2200265 a 4500 |
| 001 - CONTROL NUMBER | |
| control field | 70689 |
| 003 - CONTROL NUMBER IDENTIFIER | |
| rucl marc code | BD-RjUL |
| 005 - DATE AND TIME OF LATEST TRANSACTION | |
| control field | 20211209082029.0 |
| 008 - FIXED-LENGTH DATA ELEMENTS--GENERAL INFORMATION | |
| fixed length control field | 170419s1954 enka|||| b||| 001 0 eng d |
| 035 ## - SYSTEM CONTROL NUMBER | |
| System control number | (BD-RjUL)70903 |
| 040 ## - CATALOGING SOURCE | |
| Original cataloging agency | AIPO |
| Language of cataloging | eng |
| Transcribing agency | AIPO |
| Modifying agency | AMG |
| -- | BD-RjUL |
| 041 ## - LANGUAGE CODE | |
| Language code of text/sound track or separate title | eng |
| 082 04 - DEWEY DECIMAL CLASSIFICATION NUMBER | |
| Classification number | 664.2 |
| Edition number | 23 |
| Author mark and year | RAS 1954 |
| 100 1# - MAIN ENTRY--PERSONAL NAME | |
| Personal name | Radley, J. A. |
| Fuller form of name | (Jack Augustus) |
| 9 (RLIN) | 209229 |
| 245 10 - TITLE STATEMENT | |
| Title | Starch and its derivatives / |
| Statement of responsibility, etc. | by J. A. Radley. |
| 250 ## - EDITION STATEMENT | |
| Edition statement | 3rd ed (revised) |
| 260 ## - PUBLICATION, DISTRIBUTION, ETC. (IMPRINT) | |
| Place of publication, distribution, etc. | Newyork : |
| Name of publisher, distributor, etc. | John Wiley, |
| Date of publication, distribution, etc. | 1954. |
| 300 ## - PHYSICAL DESCRIPTION | |
| Pagination | V. : |
| Illustrations | ill. ; |
| Size | 22 cm. |
| 490 0# - SERIES STATEMENT | |
| Series statement | A Series of monographs on applied chemistry. |
| 500 ## - GENERAL NOTE | |
| General note | Includes index. |
| 505 ## - FORMATTED CONTENTS NOTE | |
| Formatted contents note | Vol. 1--V-2.-- |
| 650 #0 - SUBJECT ADDED ENTRY--TOPICAL TERM | |
| Topical term or geographic name as entry element | Starch. |
| 9 (RLIN) | 204582 |
| 830 ## - SERIES ADDED ENTRY--UNIFORM TITLE | |
| Uniform title | A Series of monographs on applied chemistry. |
| 942 ## - ADDED ENTRY ELEMENTS (KOHA) | |
| Source of classification or shelving scheme | Dewey Decimal Classification |
| Koha item type | Books |
| Lost status | Source of classification or shelving scheme | Damaged status | Not for loan | Collection code | Permanent Location | Current Location | Shelving location | Date acquired | Source of acquisition | Cost, normal purchase price | Total Checkouts | Full call number | Date last seen | Copy number | Koha item type |
|---|---|---|---|---|---|---|---|---|---|---|---|---|---|---|---|
| Dewey Decimal Classification | Not For Loan | Non-fiction | Central Library, University of Rajshahi | Central Library, University of Rajshahi | Reading Room | 29/11/1958 | colombo planthrogh | 0.00 | 664.2 RAS V-1 1954 | 19/04/2017 | C-1 | Books | |||
| Dewey Decimal Classification | Not For Loan | Non-fiction | Central Library, University of Rajshahi | Central Library, University of Rajshahi | Reading Room | 29/11/1958 | colombo planthrogh | 664.2 RAS 1954 V-2 | 03/12/2019 | C-1 | Books |